Теория моделей: пер. с англ.

Bibliographic Details
Main Author: Кейслер Г. Дж. Говард Джером
Other Authors: Чэн Ч. Ч. Чень Чунь
Summary:Изложены общие методы построения моделей с помощью констант, цепей и ультрапроизведений. Каждая глава заканчивается упражнениями. В конце книги приводятсяисторические замечания и формулировки нерешенных проблем. Предназначена для математиков различных специальностей и может использоваться как учебное пособие студентами и аспирантами университетов и пединститутов.
Language:Russian
Published: Москва, Мир, 1977
Subjects:
Format: Book
KOHA link:https://koha.lib.tpu.ru/cgi-bin/koha/opac-detail.pl?biblionumber=36867

MARC

LEADER 00000nam0a2200000 4500
001 36867
005 20231031003123.0
035 |a (RuTPU)RU\TPU\book\37351 
035 |a BOOK00004003 
090 |a 36867 
100 |a 20011210d1977 k y0rusy50 ca 
101 1 |a rus  |c eng 
102 |a RU 
105 |a y z 001zy 
200 1 |a Теория моделей  |e пер. с англ.  |f Г. Дж. Кейслер, Ч. Ч. Чэн 
210 |a Москва  |c Мир  |d 1977 
215 |a 614 с. 
320 |a Список лит.: с.592-604. 
320 |a Указ. обознач. и предм.: с. 605-612. 
330 |a Изложены общие методы построения моделей с помощью констант, цепей и ультрапроизведений. Каждая глава заканчивается упражнениями. В конце книги приводятсяисторические замечания и формулировки нерешенных проблем. Предназначена для математиков различных специальностей и может использоваться как учебное пособие студентами и аспирантами университетов и пединститутов. 
610 1 |a математика 
610 1 |a модели 
610 1 |a теория 
610 1 |a математическая логика 
610 1 |a построение 
610 1 |a упражнения 
675 |a 517.11  |v 3 
700 1 |a Кейслер  |b Г. Дж.  |g Говард Джером 
701 1 |a Чэн  |b Ч. Ч.  |g Чень Чунь 
801 0 |a RU  |b 63413507  |c 20011210  |g PSBO 
801 2 |a RU  |b 63413507  |c 20191108  |g PSBO 
942 |c BK